000 00861cab a2200253 4500
001 WB3321-17
008 090401t1997 xxu||||| |||| 00| 0 eng d
035 _a(Sirsi) u78568
041 _aeng
245 _aCBI pushes for PFI partnership
260 _c1997
350 _a0
490 _aFinancial Times
_v27 May 1997, 12
490 _aTimes
_v27 May 1997, 44(2)
520 _aThe CBI is pushing for formal recognition as an active partner to the Treasury in managing the PFI. Other demands include better project selection, a stronger legal framework and a public-private task force to police PFI implementation.
650 _aCBI
650 _aPFI
650 _aPRIVATE FINANCE INITIATIVE
650 _aPRIVATE SECTOR
650 _aTENDERING PROCESS
690 _aPROPERTY-PROPERTY FINANCE AND INVESTMENT
942 _n0
948 _c28/05/1997
999 _c49413
_d49413